000 00776nam a22002297a 4500
003 OSt
005 20260619102842.0
008 260619b |||||||| |||| 00| 0 eng d
020 _a0926842080
040 _cChuka University Library
050 _aLB 1029
_b.T54 1991
100 _aTierney, Robert J.
_930321
245 _aPortfolio Assessment in the Reading Writing Classroom
260 _aMassachusetts
_bChristopher - Gordon
_c1991
300 _axiv, 200pp
_bIllustrated
650 _aPortfolios in education - United States
_930322
650 _aReading - United States - Evaluation
_930323
650 _aEnglish language - Composition and exercises -Evaluation
_930324
700 _aCarter, Mark A.
_930325
700 _aDesai, Laura E.
_930326
942 _2lcc
_cBK
_n0
999 _c24849
_d24849